000 00526nam a22001817a 4500
999 _c188389
_d188389
005 20220520104241.0
010 _aENG-132738
020 _a9788178835792
_c85.00
035 _aEN-116270
037 _bDBAD/PUB
082 _aS
100 _aVimurtananda, Swami
245 _aSpeaking Flute:
_b25 Short Stories on Spiritual & Social Themes
_cSwami Vimurtananda
260 _aChennai
_bAdhyaksha
_c2014
270 _aSri Ramakrishna Math Mylapore
_bChennai
_e4
300 _aiii, 218p.
_c21cm(pbk)
942 _2ddc
_cEN
_hS
_mVIM